| 000 | 01210naa a22003497a 4500 | ||
|---|---|---|---|
| 001 | BR7804610 | ||
| 003 | BR-BrBNA | ||
| 005 | 20240918174134.0 | ||
| 007 | ta | ||
| 008 | 230509b bl.||||| |||| 00| 0 por d | ||
| 040 |
_aBR-BrBNA _bpor _cBiblioteca Nacional de Agricultura |
||
| 041 | _a(Pt) | ||
| 072 |
_aP10; T00 _b/G514 |
||
| 090 | _aP10 BR7804610 | ||
| 100 | 1 | _aRodrigues, N. de S. | |
| 100 | 1 | _aCervellini, A. | |
| 100 | 1 | _aSalati, E. | |
| 100 | 1 | _aBergamin Filho, H. | |
| 111 | 1 |
_a1. Simposio Nacional de Ecologia _cCuritiba, PR (Brazil) _d26 Sep 1978 |
|
| 245 | 1 | _aDeterminacao da concentracao de nitratos no lencol freatico da regiao de Piracicaba [Sao Paulo; Brasil] | |
| 260 | 3 |
_aCuritiba, PR (Brasil): _c1978. |
|
| 500 | _aAnais do 1. Simposio Nacional de Ecologia Curitiba, PR (Brasil): 1978. v. 5 p. 137-139 (BR7804610-AM)P10 | ||
| 650 | _aRecurso hidrico | ||
| 650 | _aPoluicao | ||
| 650 | _aQuimica da agua | ||
| 650 | _aNitrato | ||
| 650 | _aAguas subterraneas | ||
| 650 | _aSao Paulo | ||
| 773 | 0 |
_tAnais do 1. Simposio Nacional de Ecologia _wP10 BR7804610 _gCuritiba, PR (Brasil), 1978. v. 5 p. 137-139 |
|
| 909 |
_a202404 _bLucia _c55 _dLucia Elande |
||
| 942 |
_cAM _2AGRIS |
||
| 999 |
_c309152 _d309152 |
||